000 00328nam a2200133 i 4500
001 bg
100 1 _aROMANOW, Andrzej
245 0 _aWybrane problemy socjologii wsi i rolnictwa /
_cAndrzej Romanow.
260 _aWarszawa,
_c1973.
040 _cBPK
041 _apol
942 _cKS
008 s pl f |000 0 pol
999 _c21387
_d21387
856 _uhttp://koha.tu.koszalin.pl/cgi-bin/koha/opac-detail.pl?biblionumber=21387
_yKatalog online BPK